عرض عادي عرض مارك
  • Davidson, Peter,

مدخل إسم شخص

عدد التسجيلات المستخدمة في: 1

001 - رقم الضبط

  • حقل الضبط: 8524

003 - معرف رقم الضبط

  • حقل الضبط: OSt

005 - تاريخ ووقت أخر عملية

  • حقل الضبط: 20111215084611.0

008 - عناصر بيانات ثابتة الطول

  • حقل تحكم ثابت الطول: 111215|||a|||||| | ||| d

040 ## - مصدر الفهرسة

  • هيئة الفهرسة الأصلية: OSt
  • وكالة الكتابة: OSt

100 ## - مدخل -- أسم شخص

  • إسم شخص: Davidson, Peter,
  • تواريخ مرتبطة بالاسم: 1957-

670 ## - بيانات المصدر موجوده

  • الاستشهاد بالمصدر: Work cat.: (OSt)0: Scott, Walter, Sir, 1771-1832. 8519, Old mortality /, [2009]